Central London Bus Routes - Statistics

General Stats
  • This quiz has been taken 68 times
    30 since last reset
  • The average score is 68 of 133
Answer Stats
% Correct
3 6 13 26 38 4452 170 185 390 C1 C10 Victoria
100%
7 12 22 55 73159 Oxford Circus
82%
11 77 139 243 341 Waterloo
82%
381 Waterloo, County Hall
82%
76 Waterloo, Lower Marsh
82%
9 23 87 172 Aldwych
76%
4 17 390 Archway
76%
1 C10 Canada Water
76%
18 30 68 253 Euston
76%
9 211 Hammersmith
76%
1 24 Hampstead Heath
76%
17 43 141 149 388 London Bridge
76%
24 Pimlico
76%
4 Blackfriars Station
71%
3 363 Crystal Palace
71%
2 453 Marylebone
71%
16 46 Paddington
71%
8 176 188 Tottenham Court Road
71%
6 52 98 Willesden Bus Garage
71%
8 205 Bow Church
65%
38 Clapton Pond
65%
12 40 Dulwich Library
65%
7 East Acton
65%
19 153 Finsbury Park Station
65%
11 Fulham Broadway
65%
26 30 Hackney Wick
65%
21 254 Holloway, Nags Head
65%
21 436 Lewisham Shopping Centre
65%
185 Lewisham Station
65%
13 North Finchley
65%
134 North Finchley, Tally Ho Corner
65%
42 Shoreditch
65%
18 Sudbury
65%
2 68 West Norwood
65%
19 Battersea Bridge
59%
27 Chalk Farm
59%
25 City Thameslink Station
59%
88 Clapham Common
59%
149 259 Edmonton Green
59%
136 155 171 196333 360 363 468 P5 Elephant & Castle
59%
98 133 Holborn
59%
25 Ilford
59%
63 259 476 King's Cross
59%
14 Putney Heath
59%
14 Russell Square
59%
35 47 78 Shoreditch
59%
15 29 91 Trafalgar Square
59%
31 49 148 C1 White City
59%
29 243 Wood Green
59%
94 Acton Green
53%
115 242 254 Aldgate
53%
15 Blackwall
53%
189 Brent Cross
53%
31 Camden Town
53%
35 49 344 C3 Clapham Junction
53%
453 Deptford Bridge
53%
27 Hammersmith Grove
53%
28 Kensal Rise
53%
153 344 Liverpool Street
53%
113 137 189 205 Marble Arch
53%
36 343 New Cross Gate
53%
135 Old Street, Provost Street
53%
94 Piccadilly Circus
53%
22 Putney Common
53%
46 56 59 St Bartholomew's Hospital
53%
100 St Paul's
53%
76 Tottenham Hale
53%
156 452 Vauxhall
53%
55 Walthamstow Central
53%
28 | 87 Wandsworth
53%
74 Baker Street Station
47%
148 Camberwell Green
47%
328 Chelsea, World's End
47%
91 Crouch End
47%
113 Edgware
47%
43 Friern Barnet
47%
139 328 Golders Green
47%
63 Honor Oak
47%
53 Lambeth North
47%
78 Nunhead
47%
53 Plumstead Station
47%
70 345 430 South Kensington
47%
73 Stoke Newington
47%
388 Stratford City Bus Station
47%
44 77 Tooting Station
47%
23 Westbourne Park
47%
47 171 Bellingham, Catford Bus Garage
41%
16 Brent Park Superstores
41%
40 Clerkenwell Green
41%
135 Crossharbour
41%
42 East Dulwich Sainsbury's
41%
115 East Ham, Central Park
41%
242 394 Homerton Hospital
41%
274 394 Islington Angel
41%
188 North Greenwich
41%
476 Northumberland Park
41%
341 Northumberland Park, Angel Road Superstores
41%
196 Norwood Junction
41%
88 Parliament Hill Fields
41%
176 Penge
41%
36 Queen's Park
41%
170 430 Roehampton, Danebury Avenue
41%
100 Shadwell
41%
56 Whipps Cross
41%
156 Wimbledon
41%
436 Battersea Park Station
35%
211 Battersea Power Station
35%
136 Grove Park
35%
214 Moorgate, Finsbury Square
35%
452 Notting Hill Gate
35%
141 Palmers Green, North Circular Road
35%
345 381 Peckham
35%
74 Putney High Street
35%
360 Royal Albert Hall
35%
468 South Croydon, South End
35%
137 319 Streatham Hill, Telford Avenue
35%
133 159 Streatham Station
35%
333 Tooting Broadway
35%
415 Tulse Hill Station
35%
134 Warren Street
35%
C3 Earl's Court Tesco
29%
253 Hackney Central
29%
274 Lancaster Gate
29%
415 Old Kent Road Tesco
29%
155 Tooting, St George's Hospital
29%
172 Brockley Rise
24%
70 Chiswick Business Park
24%
214 Highgate Village
24%
319 Sloane Square
24%
343 Tower Gateway
24%
59 Clapham Park
18%
P5 Patmore Estate
18%
No matching quizzes found
Score Distribution
Percent of People with Each Score
Percentile by Number Answered
Your Score History
You have not taken this quiz since the last reset